000 00327 a2200169 4500
001 195211
020 _a9788508171828
040 _cMagnum
100 _aFrança, Mary
240 1 0 _aO barco
_l
245 1 0 _aO barco
300 _a16
362 0 _a2015
440 1 _aÁtica
697 _aLITERATURA INFANTIL
942 _cBK
999 _c195211
_d195211